000 01213aab a2200253 i 4500
001 768714001
003 CO-MdFUSB
005 20240704084723.0
008 240704t1994 sz ||||| |||| 00| 0 eng d
040 _bspa
_cCO-MdFUSB
041 _aeng
100 1 _aDa Silveira, Abival Pires
_eautor
245 _aA cry for justice
_c/ Abival Pires Da Silveira
520 _aEn el capítulo 13 de Jeremías, la historia es atípica e inesperada. En el versículo se hace referencia al mandato de Jehová de comprar un taparrabos, cubrirse con él y luego desenterrarlo. El taparrabos era un símbolo de los valores que el pueblo de Israel colocaba en sus tumbas, lo que significaba que ya no se les consideraba "elección". Es un símbolo importante para nuestro tiempo, ya que enterramos el taparrabos de la justicia.
546 _aTexto en inglés.
630 0 7 _aBiblia.
_pJeremías
650 7 _aJusticia
_92116
650 7 _aHermenéutica bíblica
_97333
650 0 _aSimbolismo en la Biblia
_91140
650 7 _aDios
_9178
773 0 _tReformed World
_049396
_959541
_gVolumen 44, (número 4, 1994) páginas: 131 - 134
_qpágina: 131
942 _cANA
945 _aCatherine Arias Álvarez - Practicante SENA
999 _c55365
_d55365